000 00461nam a22001817a 4500
003 OSt
005 20140310181754.0
008 130128t xxu||||| |||| 00| 0 eng d
050 _aPS 9993
_b.J83 2001
082 _aFIL 899.2113
_bJ77 2001
245 _aThe pretenders
_cF. Sionil Jose.
260 _aManila :
_bSolidaridad Pub. House,
_c2001.
300 _a188 p. ;
_c23 cm.
521 _a
541 _j1
562 _e1
942 _2lcc
_cBK-FIL
_kFIL
999 _c3381
_d3381